Czy wiesz jak miały te osoby na nazwisko? Wersja o HP - Statystyki

Ogólne statystyki
  • Ten quiz został rozwiązany 324 razy
  • Średni wynik to 17 z 22
Statystyki odpowiedzi
Hint Odpowiedź % Poprawnych
Harry... Potter
98%
Hermiona... Granger
96%
Ron... Weasley
96%
Draco... Malfoy
94%
Severus... Snape
91%
Syriusz Black
90%
Albus... Dumbledore
90%
James Potter
85%
neville... Longbottom
84%
Fred Weasley
83%
Tom Marvolo... Riddle
80%
Dolores... Umbridge
79%
Rubeus... Hagrid
77%
Wiktor... Krum
76%
Remus Lupin
76%
luna... Lovegood
73%
Minerva... McGonagall
73%
Molly Weasley
72%
Cho... Chang
69%
Cedrik Diggory
65%
Dolores ..... Umbridge Jane
38%
Sybilla... Treleway
5%
Nie znaleziono quizów pasujących do podanych kryteriów
Rozkład punktacji
Procent ludzi z każdym wynikiem
Percentyl według liczby udzielonych odpowiedzi
Twoja historia wyników
Nie rozwiązałeś tego quizu